Statistics for Name that Historical Figure #6

Click here to take the quiz!

General Stats

  • This quiz has been taken 14,428 times
  • The average score is 10 of 18

Answer Stats

Answer % Correct
Anne Frank
91%
Wright Brothers
87%
Bob Marley
84%
Saddam Hussein
83%
Fidel Castro
82%
Jacqueline Kennedy-Onassis
81%
Kim Il-sung
65%
T. E. Lawrence
60%
Jesse Owens
58%
Pocahontas
57%
Buddy Holly
52%
Chuck Berry
45%
Katharine Hepburn
44%
Nikita Khrushchev
36%
Charlemagne
34%
Pablo Picasso
22%
Josephine Baker
15%
Benjamin Disraeli
8%

Score Distribution

Percentile by Number Answered

Percent of People with Each Score

Your Score History

You have not taken this quiz